Italian Diaspora - Statistics

General Stats
  • This quiz has been taken 294 times
  • The average score is 26 of 34
Answer Stats
Amount Country % Correct
10,000,000+ United States
100%
10,000,000+ Argentina
97%
10,000,000+ Brazil
97%
1,000,000+ France
97%
100,000+ Germany
96%
100,000+ United Kingdom
96%
1,000,000+ Canada
95%
100,000+ Spain
93%
1,000,000+ Australia
92%
100,000+ Chile
91%
1,000,000+ Colombia
88%
10,000+ Mexico
88%
100,000+ Switzerland
87%
1,000,000+ Uruguay
85%
1,000,000+ Venezuela
85%
10,000+ Austria
84%
10,000+ Portugal
83%
10,000+ Russia
83%
100,000+ Peru
82%
10,000+ Netherlands
81%
1,000,000+ Paraguay
79%
100,000+ Belgium
77%
10,000+ Ecuador
77%
10,000+ Sweden
76%
10,000+ Poland
73%
10,000+ Croatia
67%
10,000+ South Africa
61%
10,000+ Panama
57%
10,000+ Albania
53%
100,000+ Costa Rica
52%
10,000+ Luxembourg
47%
10,000+ Libya
46%
10,000+ Saudi Arabia
16%
10,000+ Zambia
3%
No matching quizzes found
Score Distribution
Percent of People with Each Score
Percentile by Number Answered
Your Score History
You have not taken this quiz